000 00515nam a2200169 4500
001 113594
003 ES-MaACL
007 t|
008 061121s1943 fr r ||||1| fre d
245 0 0 _aNoëls populaires de France
_b: du XV au XIX siecle.
260 _aParis :
_bEditions d'Histoire et d'Art,
_c1943.
300 _aXI, 132 p. ;
_c19 cm.
490 1 _aLes cahiers de l'unite français
830 0 _aLes cahiers de l'unite français
_9233202
852 _aES-MaACL
_jE-717
_bR.20515
999 _c113594
_d113594